| 000 | 00331nam a22001217a 4500 | ||
|---|---|---|---|
| 082 |
_a297 _bGHU _cM |
||
| 110 |
_aGhulam ullah khan, Mulana _951115 |
||
| 245 | _aجواھر التوحید | ||
| 260 |
_aRawalpindi, _bKutub khana Rasheedia, _c2004. |
||
| 300 | _a408p. | ||
| 526 |
_a0 _b0 _c0 _d297_000000000000000_GHU |
||
| 942 |
_2ddc _cBK |
||
| 999 |
_c553867 _d553867 |
||